Statistics for Indiana Pacers Players by Picture (2018)

Click here to take the quiz!

General Stats

  • This quiz has been taken 140 times
  • The average score is 9 of 15

Answer Stats

Answer % Correct
Victor Oladipo
96%
Lance Stephenson
85%
Myles Turner
78%
Bojan Bogdanovic
75%
Darren Collison
75%
Domantas Sabonis
71%
Thaddeus Young
71%
Joe Young
67%
Al Jefferson
62%
Cory Joseph
51%
T. J. Leaf
51%
Trevor Booker
44%
Glenn Robinson III
42%
Nate McMillan
35%
Alex Poythress
22%

Score Distribution

Percentile by Number Answered

Percent of People with Each Score

Your Score History

You have not taken this quiz